| 000 | 00476nam a2200193Ia 4500 | ||
|---|---|---|---|
| 005 | 20220829100844.0 | ||
| 008 | 131103s9999 xx 000 0 und d | ||
| 020 | _a671888587 | ||
| 040 | _aLoreto College | ||
| 041 | _aEnglish | ||
| 082 |
_aF _bCLA |
||
| 100 | _aClark,Mary Higgins | ||
| 245 |
_aI'll be seeing you _cMary Higgins Clark |
||
| 260 |
_aNew York _bPocket Books _c1993 |
||
| 300 | _a307 p. | ||
| 650 | _aFiction in English | ||
| 850 | _aLCLIB | ||
| 942 | _cBK | ||
| 999 |
_c16511 _d66990 |
||